| 000 | 01037cam a22003015a 4500 | ||
|---|---|---|---|
| 001 | 016514904 | ||
| 003 | OSt | ||
| 005 | 20201128021314.0 | ||
| 008 | 130815t2014 enkadk frb 001 0 eng d | ||
| 020 | _a9780077133269 (pbk.) | ||
| 020 | _a0077133269 (pbk.) | ||
| 040 |
_aStDuBDS _beng _cStDuBDS _dUk _dEG-ScBUE |
||
| 082 | 0 | 4 |
_a658.15 _bMAN _222 |
| 245 | 0 | 0 |
_aManagement control systems / _cRobert N. Anthony ... [et al.] |
| 250 | _aFirst European ed. | ||
| 260 |
_aBerkshire : _bMcgraw-Hill Education, _cc.2014. |
||
| 300 |
_axx, 640 p. : _bcharts, forms, tables ; _c27 cm. |
||
| 504 | _aIncludes bibliographical references and indexes. | ||
| 650 | 7 |
_aIndustrial management. _2BUEsh _91569 |
|
| 650 | 0 |
_aCost control _2BUEsh _929392 |
|
| 650 | 0 |
_aIndustrial management _vCase studies. _2BUEsh _91708 |
|
| 650 | 0 |
_aCost control _vCase studies. _2BUEsh _937739 |
|
| 651 | _2BUEsh | ||
| 653 |
_bBUSADM _cJune2015 |
||
| 655 |
_vreading book _934232 |
||
| 700 | 1 |
_aAnthony, Robert N. _q(Robert Newton), _d1916-2006, |
|
| 942 |
_2ddc _k658.15 MAN |
||
| 999 |
_c19750 _d19722 |
||